Estratificación y movilidad social en América Latina: transformaciones estructurales de un cuarto de siglo /
Guardat en:
| Autor principal: | |
|---|---|
| Altres autors: | , |
| Format: | Desconegut |
| Idioma: | Spanish |
| Publicat: |
Chile :
LOM Ediciones ; CEPAL ; GTZ
|
| Col·lecció: | Colección Ciencias Humanas
|
| Etiquetes: |
Afegir etiqueta
Sense etiquetes, Sigues el primer a etiquetar aquest registre!
|
MARC
| LEADER | 00000 a2200000 04500 | ||
|---|---|---|---|
| 001 | 47245 | ||
| 003 | |||
| 008 | 050629s2007 cl spa d | ||
| 040 | |||
| 020 | |a 978-956-282-900-7 | ||
| 022 | |a 978-956-282-900-7 | ||
| 090 | |a 0005 F824e | ||
| 100 | |a Franco, Rolando |e coordinador | ||
| 245 | |a Estratificación y movilidad social en América Latina: |b transformaciones estructurales de un cuarto de siglo / |c Rolando Franco, Arturo León, Raúl Atria (coordinadores) | ||
| 260 | |a Chile : |b LOM Ediciones ; CEPAL ; GTZ | ||
| 300 | |a 614 páginas : |b tablas | ||
| 440 | |a Colección Ciencias Humanas | ||
| 700 | |a León, Arturo | ||
| 700 | |e coordinador | ||
| 700 | |a Atria, Raúl | ||
| 700 | |e coordinador | ||
| 999 | |c 1924 |d 1924 | ||



